| 000 | 01395cam a2200433 4500 | ||
|---|---|---|---|
| 003 | PE-LiUPU | ||
| 005 | 20250731173537.0 | ||
| 020 | _a0802817769 | ||
| 035 | _a(Sirsi) i9780802817761 | ||
| 035 | _a(Sirsi) 19462 | ||
| 035 | _a(Sirsi) 19462 | ||
| 041 | _aen | ||
| 044 | _aus | ||
| 082 | 0 | 4 |
_a262.7 _bA57 |
| 100 | 1 |
_aAnderson, Ray S. _eed. |
|
| 245 | 1 | 0 | _aTheological Foundations for Ministry. |
| 264 | 1 |
_aGrand Rapids, Michigan : _bWilliam B. Eerdmans Publishing Company, _c1979 |
|
| 300 |
_a776 páginas ; _c21 cm. |
||
| 505 | 0 | _aA theology for the church in ministry -- Jesus' ministry to the father on behalf of the world -- Jesus' ministry in the spirit for the sake of the church. | |
| 526 | _aSEG42 | ||
| 526 | _aSEG41 | ||
| 526 | _aSEG40 | ||
| 526 | _aSEG39 | ||
| 526 | _aP94 | ||
| 526 | _aP87 | ||
| 526 | _aP86 | ||
| 526 | _aP85 | ||
| 526 | _aP77 | ||
| 526 | _aP76 | ||
| 526 | _aP35 | ||
| 650 | 1 | 4 |
_aTeología práctica _vEnsayos, conferencias, etc. |
| 942 |
_2ddc _cBOOK |
||
| 949 |
_a262.7 A57 _i42483 _lPOSTGRADO _mBUL _tLIBRO _o.STAFF. Posgrado |
||
| 859 |
_q42483 _h262.7 _iA57 |
||
| 910 | _aaj-ce | ||
| 596 | _a1 | ||
| 999 |
_a262.7 A57 _wDEWEY _c60316 _i42483 _f2021-11-10 _g5 _lCCODEBUL1 _mBUL _r0 _sY _tBOOK _u2015-6-16 _xTEOLOGIA _zUNKNOWN _0COMPRA _o.STAFF. Colección General _d60316 |
||
| 980 |
_81 _gALBERTO SANCHEZ Responsable de Automatización |
||